Príručka k 1. kvalifikačnej skúške pedagogických pracovníkov

Podrobná bibliografia
Hlavný autor: Turek, Ivan, 1944-2016 (Autor)
Médium: Kniha
Jazyk:slovenčina
Fyzický popis:47 s. 21 cm
Vydavateľské údaje: Bratislava Metodické centrum 1996
ISBN:8088796407
Predmet:

MARC

LEADER 00000nam a2200000 a 4500
001 vtls001221585
003 SK-MaSNL
005 20260301154540.0
008 240313s1996 xo a r y slo
015 |a SNBA1997/0100052 
020 |a 8088796407  |c (2500 výt.) 
035 |a SNK000166797 
035 |a urn:nbn:sk:snk-amk5ty 
035 |a urn:nbn:sk:snk-am004lxw 
035 |a FC38DDFA-BB6F-4A3F-AB15-4B703C539777 
040 |a SNK  |b slo  |c SNK  |e AACR2 
041 0 |a slo 
044 |a xo  |c SK 
080 |a 371.14  |2 1981 
100 1 |a Turek, Ivan,  |d 1944-2016  |4 aut  |9 213793 
245 1 0 |a Príručka k 1. kvalifikačnej skúške pedagogických pracovníkov  |c Ivan Turek 
260 |a Bratislava  |b Metodické centrum  |c 1996 
300 |a 47 s.  |c 21 cm 
504 |a Bibliogr. 
650 0 7 |a pracovníci pedagogickí  |x skúšky kvalifikačné  |x príručky  |2 SNK  |9 517594 
655 7 |a príručky  |2 SNK  |9 74364 
919 |a 80-88796-40-7 
958 |a TL 
958 |a NB 
958 |a BQ 
999 |c 797232  |d 799162 
952 |t P60, <09>, [BOOK], {629}  |a SNK  |b SNK  |y NEVYP  |7 0  |o snkC 1967  |i snk3658/961024  |0 0  |1 0  |4 0  |d 1996-10-21  |l 0  |r 2005-01-01 00:00:00  |w 2026-02-24 
952 |t P60, <03>, [BOOK], {603}  |a SNK  |b SNK  |y PREZ  |7 0  |p 17A0014291  |o snkSC 91573  |i snkKSP 9022/96  |0 0  |1 0  |4 0  |d 1996-10-21  |f 1  |l 0  |r 2025-09-10 00:00:00  |w 2026-02-24 
952 |t P60, <04>, [BOOK], {604}  |a SNK  |b SNK  |y VYP  |7 0  |p 17A0014290  |o snkSC 91573 D1  |i snkKSP 9023/96  |0 0  |1 0  |4 0  |d 1996-10-21  |l 0  |r 2005-01-01 00:00:00  |w 2026-02-24